Statistiken für PSG Kader 2019/20

Klicken Sie hier um das Quiz zu spielen!

Allgemein

  • Dieses Quiz wurde 280 mal gespielt
  • Das Durchschnittsergebnis liegt bei 14 aus 27

Antwortstatistiken

PositionName% Korrekt
SturmKylian Mbappe
99%
SturmNeymar
97%
TorwartKeylor Navas
87%
MittelfeldMarco Verratti
77%
AbwehrMarquinhos
70%
SturmAngel di Maria
69%
AbwehrPresnel Kimpembe
69%
TrainerThomas Tuchel
65%
AbwehrJuan Bernat
62%
MittelfeldJulian Draxler
61%
AbwehrThiago Silva
60%
AbwehrThilo Kehrer
57%
SturmEdinson Cavani
56%
SturmMauro Icardi
56%
AbwehrLayvin Kurzawa
47%
MittelfeldLeandro Paredes
42%
MittelfeldIdrissa Gueye
40%
TorwartSergio Rico
35%
AbwehrThomas Meunier
34%
MittelfeldAnder Herrera
30%
SturmEric Maxim Choupo-Moting
29%
MittelfeldPablo Sarabia
28%
AbwehrAbdou Diallo
27%
AbwehrColin Dagba
26%
AbwehrMitchel Bakker
17%
TowartMarcin Bulka
10%
AbwehrTanguy Kouassi
7%

Verteilung der Resultate

Perzentil nach korrekt beantworteten Fragen

Anzahl Personen mit jedem Resultat

Ihre Resultats-Entwicklung

Sie haben dieses Quiz noch nicht gespielt